| 000 | 01289nam a2200289Ia 4500 | ||
|---|---|---|---|
| 003 | OSt | ||
| 005 | 20200707181101.0 | ||
| 008 | 191128s2008 ck gr 000 0dspa d | ||
| 020 | _a9789584509239 | ||
| 040 |
_aCO-JMCR _cCO-JMCR |
||
| 041 | 0 | _aspa | |
| 082 | 0 | 4 |
_a330.98 / _bS246e _223 |
| 100 | 1 |
_aSarmiento Palacio, Eduardo, _eautor _9945 |
|
| 245 | 1 | 0 |
_aEconomía y globalización / _cEduardo Sarmiento Palacio |
| 250 | _aPrimera edición | ||
| 260 |
_aBogotá : _bGrupo Editorial Norma, _c2008. |
||
| 300 |
_a392 páginas ; _c 24 cm. |
||
| 490 | 0 | _aVitral | |
| 500 | _aIncluye datos biográficos del autor en la solapa. | ||
| 504 | _aBibliografía páginas 389-392. | ||
| 505 | 0 | _aEl mercado monetario en desequilibrio -- La macroeconomía global del salario y el ahorro -- Tratado de Libre Comercio e integración -- Crecimiento dentro de la grlobalización -- Distribución del ingreso y el modelo único | |
| 520 | 0 | _a¿Qué ha significado la globalización?¿Cuáles han sido sus consecuencias?¿Cómo pueden solucionarse las crisis a las que esta ha conducido? Estas son tan sólo tres de las preguntas que responde en este libro. | |
| 650 | 1 | 4 |
_aEconomía _zColombiana _96831 |
| 650 | 2 | 4 |
_aGlobalización _96832 |
| 650 | 2 | 4 |
_aLibre comercio _92688 |
| 942 |
_2ddc _cBK |
||
| 999 |
_c5645 _d5645 |
||